Parishes Of İsle Of Man Quiz - Statistics

General Stats
  • This quiz has been taken 18 times
  • The average score is 14 of 24
Answer Stats
Parish % Correct
Douglas
88%
Onchan
88%
Peel
88%
Castletown
82%
Ramsey
82%
Port Erin
76%
Port St Mary
76%
Andreas
71%
Laxey
59%
Patrick
59%
Rushen
59%
Bride
53%
Jurby
53%
Malew
53%
Arbory
47%
Ballaugh
47%
German
47%
Marown
47%
Michael
47%
Braddan
41%
Maughold
41%
Lonan
35%
Santon
35%
Lezayre
29%
No matching quizzes found
Score Distribution
Percent of People with Each Score
Percentile by Number Answered
Your Score History
You have not taken this quiz